| 000 | 00747nam a2200217 a 4500 | ||
|---|---|---|---|
| 003 | PILC | ||
| 005 | 20160215101827.0 | ||
| 008 | 100806s19uu xx 00 eng d | ||
| 020 | _a9781433807077 | ||
| 050 |
_aBF 76.8 _b.N53 2010 |
||
| 100 | _aNicol, Adelheid A. M. | ||
| 245 |
_aDisplaying your findings : _ba practical guide for creating figures, posters, and presentations / _cAdelheid A.M. Nicol and Penny M. Pexman. |
||
| 260 |
_aWashington, D.C : _bAmerican Psychological Association, _c2010. |
||
| 300 |
_a191 pages : _billustrations ; _c25 cm. |
||
| 500 | _aIncludes index. | ||
| 650 | _aPsychological literature. | ||
| 650 |
_aPsychology _xGraphic methods. |
||
| 700 | _aPexman, Penny M. | ||
| 942 |
_cBK _2lcc _kFOR |
||
| 999 |
_c24002 _d24002 |
||